A munkásmozgalom lapjairól Az 1904. évi szegedi építőmunkássztrájk hetvenedik évfordulójára /
Elmentve itt :
| Szerző: | |
|---|---|
| Dokumentumtípus: | Cikk |
| Megjelent: |
1974-08-29
|
| Sorozat: | Délmagyarország
64 No. 201 |
| Kulcsszavak: | Gaál Endre, munkásmozgalom |
| Online Access: | http://dmarchiv.bibl.u-szeged.hu/93944 |
| LEADER | 00540nab a2200157 i 4500 | ||
|---|---|---|---|
| 001 | delm93944 | ||
| 005 | 20190412093941.0 | ||
| 008 | 190412s1974 hu o 0|| hun d | ||
| 040 | |a SZTE Délmagyarország Archívum |b hun | ||
| 041 | |a hun | ||
| 100 | 1 | |a Gaál Endre, | |
| 245 | 1 | 2 | |a A munkásmozgalom lapjairól |h [elektronikus dokumentum] : |b Az 1904. évi szegedi építőmunkássztrájk hetvenedik évfordulójára / |c dr. Gaál Endre, |
| 260 | |c 1974-08-29 | ||
| 300 | |a 4 | ||
| 490 | 0 | |a Délmagyarország |v 64 No. 201 | |
| 695 | |a Gaál Endre, munkásmozgalom | ||